Orthographe - Nom associé à l'adjectif - Statistiques

Statistiques générales
  • Ce quiz a été pris 400 fois
  • Le résultat moyen est 21 sur 32
Statistiques - réponses
Adjectif Nom % Correct
vocale voix
98%
nasale nez
95%
florale fleur
94%
musicale musique
93%
grammaticale grammaire
92%
bestiale bête
91%
buccale bouche
91%
spatiale espace
91%
verbale verbe
91%
joviale joie
89%
stomacale estomac
85%
abdominale abdomen
83%
ancestrale ancêtre
81%
anale anus
81%
pastorale pasteur
77%
sociale société
77%
digitale doigt
75%
cérébral cerveau
74%
impériale empereur
73%
infernale enfer
73%
ombilicale nombril
71%
papale pape
63%
cléricale clergé
55%
pascale Pâques
52%
patriarcale patriarche
52%
nuptiale noce
41%
monacale moine
37%
alluviale alluvion
29%
caudale queue
17%
capitale tête
14%
focale foyer
8%
gutturale gosier
3%
Aucun quiz correspondant
Distribution des résultats
% des personnes avec chaque résultat
Percentile par nombre de réponses
Votre historique - résultats
Vous n’avez pas pris ce quiz